00757nam a2200181 i 450000100060000000300090000600500170001500700030003200800410003504000200007610000190009624501930011526001430030830000360045165000270048770000400051485200210055468855ES-MaACL20250820124046.0t|960830s1829 fr ||||1| fre d aCAM bspa cCAM1 aGiroud, Henri.10aTables de sinus naturels pour la levée des plans de mines et pour faciliter qualques opérations de trigonométrie calculées jusqu'a 100 mètres / cpar MM. Henri Giroud et Lesbros. aGrenoble : bchez Prudhomme libraire-éditeur ; aParis : bchez Bachelier libraire, c1829 (eGrenoble : fImprimerie de C.-P. Baratier) a150 p., [1] h. pleg. ; c22 cm. 7aTrigonometría2embne1 aLesbros, Joseph Aimé, d1790-1860 aES-MaACLjB-7982